Specifications of industrial robots in Japan
Gespeichert in:
| Format: | Buch |
|---|---|
| Sprache: | Undetermined |
| Veröffentlicht: |
Jetro
Japan External Trade Organization
1981
|
| Schlagworte: | |
| Tags: |
Tag hinzufügen
Keine Tags, Fügen Sie den ersten Tag hinzu!
|
| Thư viện lưu trữ: | Trung tâm Học liệu Trường Đại học Cần Thơ |
|---|
| LEADER | 00442nam a2200157Ia 4500 | ||
|---|---|---|---|
| 001 | CTU_98274 | ||
| 008 | 210402s9999 xx 000 0 und d | ||
| 082 | |a 629.8 | ||
| 082 | |b S741 | ||
| 245 | 0 | |a Specifications of industrial robots in Japan | |
| 260 | |a Jetro | ||
| 260 | |b Japan External Trade Organization | ||
| 260 | |c 1981 | ||
| 650 | |a Robots, industrial | ||
| 904 | |i Tuyến | ||
| 980 | |a Trung tâm Học liệu Trường Đại học Cần Thơ | ||